| 000 | 00455nam a2200157Ia 4500 | ||
|---|---|---|---|
| 008 | 220216s9999 xx 000 0 und d | ||
| 100 | _aJoseph J | ||
| 245 | 0 | _aRevealed comparative advantage and decomposition of export growth: Case of India's selected rubber products | |
| 260 |
_bEconomic and Political Weekly _c2015 |
||
| 300 | _a72-76 | ||
| 650 | _aExport | ||
| 650 | _aGrowth | ||
| 650 | _aRubber products | ||
| 700 | _aGeorge K.T | ||
| 942 | _cBS | ||
| 999 |
_c49780 _d49780 |
||